Language Quiz

Random Language or Italian Quiz

Italian: Body Parts Quiz Stats

 Plays Quiz Updated Mar 4, 2016

Also try: Italian: Foods
Challenge
Share
Tweet
Embed
Score 0/26 Timer 07:00
0 Plays Today
English Italian % Correct
Handla mano
80.2%
Teethi denti
76.8%
Mouthla bocca
74.6%
Hair (on head)i capelli
72.9%
Headla testa
71.3%
Noseil naso
70.3%
Facela faccia
66.6%
Legla gamba
66.2%
Footil piede
66%
Eyel'occhio
64.7%
Stomachlo stomaco
62.4%
Armil braccio
61.6%
Fingeril dito
57.9%
English Italian % Correct
Earl'orecchio
56%
Neckil collo
53.3%
Kneeil ginocchio
51.5%
Shoulderla spalla
48.9%
Lipsle labbra
46.3%
Foreheadla fronte
44.5%
Chestil torace
42.1%
Backla schiena
41.9%
Bottomil sedere
38.5%
Elbowil gomito
37.6%
Chinil mento
36.5%
Wristil polso
34.1%
Anklela caviglia
32.6%

You're not logged in!

Compare scores with friends on all Sporcle quizzes.
Join for Free
OR
Log In

You Might Also Like...

Show Comments

Extras

Top Quizzes Today


Score Distribution

Your Account Isn't Verified!

In order to create a playlist on Sporcle, you need to verify the email address you used during registration. Go to your Sporcle Settings to finish the process.

Report this User

Report this user for behavior that violates our Community Guidelines.

Details: